000 00720nam a2200205Ia 4500
003 GCL
008 140319s9999 xx 000 0 ara d
040 _aGCL /
_cGCL
082 0 4 _a301.412
_bف ن
100 1 _aفلكسنر، اليانور
245 1 0 _aنضال المرأة لنيل حقوقها وحريتها /
_cفلكسنر، اليانور
700 1 _aكدار بصمارجى
260 _aسوريا :
_bدار اليقظه العربيه للتاليف والترجمه والنشر ،
_c1959
300 _a393 ص ؛
_c24 سم
650 0 4 _aحقوق المرأة
650 0 4 _aالمساواة
650 0 4 _aالمرأة - حقوق
650 0 4 _aالمنظمات النسائية
942 _2ddc
_cBK
999 _c48481
_d48481